000 00644nam a2200241Ia 4500
003 OSt
005 20220918185633.0
006 a|||||r|||| 00| 0
007 ta
008 220917b |||||||| |||| 00| 0 eng d
024 _a51,796
037 _cTextual
040 _aARTS
_cARTS
_beng
041 _2eng
_aeng
082 _aP:(T:20j3), M2
100 _aJohnson Keith
_969686
245 0 _aCommunicative syllabus design and methodlogy
260 _aOxford
_bOxford Pergamon
_c1982
300 _ax,222p.
_ccm.
650 _aLINGUISTICS
942 _hP:(T:20j3), M2
_cTEXL
_2CC
999 _c181388
_d181388